Top 30 Logic Songs - Statistics

General Stats
  • This quiz has been taken 2 times
  • The average score is 8 of 30
Answer Stats
# Song Rating % Correct
7. Gang Related 91
100%
4. Soul Food 91
100%
27. Young Jesus 87
100%
17. 44 Bars 88
50%
29. 44 More 86
50%
8. City of Stars 90
50%
11. Dead Presidents III 89
50%
26. Fade Away 87
50%
21. Innermission 87
50%
24. Like Woah 87
50%
3. Soul Food II 92
50%
19. The Spotlight 88
50%
18. Beggin' 88
0%
25. City in the Stars 87
0%
14. Common Logic / Midnight Marauder 88
0%
6. Dear God 91
0%
28. Deja Vu 86
0%
10. Ghost in the Machine 89
0%
12. Heard Em Say 89
0%
13. Innerstellar 88
0%
30. Nasty 86
0%
20. Once Upon a Time in Hollywood 87
0%
9. Open Mic\\Aquarius III 89
0%
15. Orville 88
0%
2. Paul Rodriguez 94
0%
22. Roll Call 87
0%
16. Therapy Music 88
0%
1. Under Presure 97
0%
5. Vinyl Days 91
0%
23. Welcome to Forever 87
0%
No matching quizzes found
Score Distribution
Percent of People with Each Score
Percentile by Number Answered
Your Score History
You have not taken this quiz